000 00393 a2200169 4500
001 184791
020 _a978-85-262-5010-9
040 _cMagnum
100 _aLarreula, Enric
240 1 0 _aBruxa Onilda vai à festa
_lpor
245 1 0 _aBruxa Onilda vai à festa
300 _a31
362 0 _a2015
440 1 _aScipione
697 _aLITERATURA INFANTO-JUVENIL ESTRANGEIRA
942 _cBK
999 _c184791
_d184791